| 000 | 00538cab a2200193 4500 | ||
|---|---|---|---|
| 001 | WB3037-60 | ||
| 008 | 090401t1994 xxu||||| |||| 00| 0 eng d | ||
| 035 | _a(Sirsi) u62066 | ||
| 041 | _aeng | ||
| 245 | _aHill farming | ||
| 260 | _c1994 | ||
| 350 | _a0 | ||
| 490 |
_aScotsman _v5 October 1994, 20(1) |
||
| 520 | _aDiscusses the problems of hill farmers as put forward in an NFU booklet being sent to its hill farming members and MPs. | ||
| 650 | _aHILL FARMING | ||
| 690 | _aRURAL PRACTICE | ||
| 942 | _n0 | ||
| 948 | _c04/03/1997 | ||
| 999 |
_c38540 _d38540 |
||